| 000 | 00354nam a22001457a 4500 | ||
|---|---|---|---|
| 008 | 210607b ||||| |||| 00| 0 eng d | ||
| 020 | _a9780538468060 | ||
| 041 | _aeng | ||
| 080 |
_29th _a311 |
||
| 082 | _a311 | ||
| 100 | _a55 | ||
| 101 | _aSTA | ||
| 245 |
_aDatabase Systems Design, Implementation and Management _cCarlos Coronel |
||
| 942 |
_2udc _cBK |
||
| 999 |
_c58040 _d58040 |
||